[Event "49th TCh-DEN XtraCon 2010-11"]
[Site "Denmark DEN"]
[Date "2011.01.30"]
[Round "6.1"]
[White "Sorensen,B"]
[Black "Rasmussen,A"]
[Result "1/2-1/2"]
[WhiteElo "2282"]
[BlackElo "2538"]

1.Nf3 d5 2.g3 c6 3.b3 Bf5 4.Bb2 e6 5.d3 h6 6.Nbd2 Nf6 7.Bg2 Be7 8.O-O O-O
9.Ne1 a5 10.e4 Bh7 11.a3 Nbd7 12.Qe2 b5 13.Kh1 c5 14.f4 Ra6 15.f5 d4 16.a4 bxa4
17.Rxa4 Nb6 18.Ra2 exf5 19.exf5 Nfd5 20.Ne4 Ne3 21.Rf2 Bxf5 22.c3 Be6 23.cxd4 cxd4
24.Nf3 Nxg2 25.Nxd4 Nd5 26.Kxg2 Bg4 27.Qd2 f5 28.h3 fxe4 29.hxg4 Bg5 30.Rxf8+ Qxf8
31.Qe2 exd3 32.Qxd3 Ne3+ 33.Kh3 Qa8 34.Bc1 Nd5 35.Bxg5 hxg5 36.Nf5 Nb4 37.Qc4+ Kh7
38.Rd2 Qf3 39.Kh2 Rg6 40.Kg1 Rc6 41.Rh2+ Kg6 42.Rh6+ gxh6 43.Qg8+ Kf6 44.Qg7+ Ke6
45.Nd4+ Kd5 46.Nxf3 Rc1+ 47.Kg2 Rc2+ 48.Kh3 Ke4 49.Nxg5+ hxg5 50.Qxg5 Nd3
51.Qf5+ Ke3 52.Qe6+ Kd4 53.Kh4 Ne5 54.Kh5 Rc3 55.Qb6+ Ke4 56.Qxa5 Rxg3 57.Qe1+ Kf4
58.Qc1+ Ke4 59.Qc2+ Kd5 60.b4 Rxg4 61.Qc5+ Ke6 62.b5 Rc4 63.Qb6+ Ke7 64.Qe3 Kd6
65.Qb6+ Ke7 66.Kg5 Nd7 67.Qb7  1/2-1/2

[Event "49th TCh-DEN XtraCon 2010-11"]
[Site "Denmark DEN"]
[Date "2011.01.30"]
[Round "6.5"]
[White "Pedersen,F"]
[Black "Kristensen,Kaa"]
[Result "1/2-1/2"]
[WhiteElo "2303"]
[BlackElo "2260"]

1.Nf3 d5 2.g3 c5 3.Bg2 Nf6 4.O-O Nc6 5.d3 g6 6.Nbd2 Bg7 7.e4 O-O 8.Re1 b6
9.c3 e5 10.exd5 Nxd5 11.Nc4 Re8 12.d4 cxd4 13.cxd4 exd4 14.Rxe8+ Qxe8 15.Nxd4 Nxd4
16.Bxd5 Be6 17.Nd6 Qd8 18.Bg2 Qf8 19.Bg5 h6 20.Be3 Rd8 21.Nb7 Rd7 22.Qa4 Qb8
23.Re1 b5 24.Qa6 Bd5 25.Bxd4 Bxg2 26.Bxg7 Kxg7 27.Kxg2 Qxb7+ 28.Qxb7 Rxb7
29.Re5 a6 30.Rc5 Rd7 31.Rc2  1/2-1/2

[Event "Moscow Open F Women"]
[Site "Moscow RUS"]
[Date "2011.01.30"]
[Round "2.36"]
[White "Bezgodova,S"]
[Black "Aseeva,A"]
[Result "1-0"]
[WhiteElo "2195"]
[BlackElo "1807"]

1.Nf3 d5 2.g3 c6 3.Bg2 Bg4 4.c4 e6 5.O-O Nd7 6.d3 Bd6 7.Be3 Ngf6 8.Qb3 Qc7
9.Nc3 O-O 10.Rac1 dxc4 11.Qxc4 Bxf3 12.exf3 Ne5 13.Qd4 c5 14.Qh4 Ng6 15.Qa4 a6
16.f4 Nd7 17.Ne4 Be7 18.b4 b6 19.bxc5 bxc5 20.Nxc5 Nxc5 21.Bxc5 Rad8 22.Be3 Qd7
23.Qxa6 Qxd3 24.Qxd3 Rxd3 25.a4 Ra3 26.Ra1 Rxa1 27.Rxa1 Bf6 28.Rc1 Ne7 29.a5 Nd5
30.a6 g6 31.a7 g5 32.f5 Be5 33.Rd1 Nc7 34.fxe6 fxe6 35.Rd7 Na8 36.Bxg5 h5
37.f4 Bc7 38.Bh3 Bb6+ 39.Kh1 Re8 40.Bf6 Nc7 41.Be5 Na8 42.Bg2 Rc8 43.Be4 Kf8
44.Bb8 Bxa7 45.Bd6+ Ke8 46.Rxa7 Rc1+ 47.Kg2 Nb6 48.Bg6+ Kd8 49.Bxh5 Nd5 50.Bf7  1-0

[Event "Moscow Open D University Women"]
[Site "Moscow RUS"]
[Date "2011.01.30"]
[Round "2.9"]
[White "Minina,V"]
[Black "Fyodorova,I2"]
[Result "1-0"]
[WhiteElo "2133"]
[BlackElo "1951"]

1.Nf3 d5 2.g3 Nf6 3.Bg2 c6 4.c4 Bg4 5.cxd5 cxd5 6.Nc3 Nbd7 7.Qa4 e6 8.Ne5 Bf5
9.g4 Bg6 10.h4 b5 11.Nxb5 Nxe5 12.Nc7+ Ke7 13.Nxa8 Qxa8 14.h5 Nexg4 15.hxg6 fxg6
16.d3 Kf7 17.Bd2 Bc5 18.d4 Bb6 19.Rc1 Qb8 20.Qc6 Re8 21.e3 Re7 22.Ke2 h5
23.Qc8 Qxc8 24.Rxc8 Rc7 25.Rc1 Rxc1 26.Rxc1 Nh6 27.b4 Ke7 28.a4 Kd7 29.a5 Bc7
30.b5 Nf7 31.Ra1 Kc8 32.Bb4 Ne8 33.Rc1 Kb7 34.e4 Nf6 35.exd5 exd5 36.Rc5 h4
37.Rxd5 h3 38.Bh1 Kb8 39.Rc5 g5 40.Rc6 Nd8 41.Ra6 Nb7 42.b6 axb6 43.axb6 Bf4
44.Ra7  1-0

[Event "TCh-HUN 2010-11"]
[Site "Szombathely HUN"]
[Date "2011.01.30"]
[Round "5"]
[White "Varga,Me"]
[Black "Nemeth,H"]
[Result "1-0"]
[WhiteElo "1989"]
[BlackElo "1685"]

1.Nf3 d5 2.g3 Nf6 3.Bg2 c6 4.c4 Bf5 5.cxd5 cxd5 6.Qb3 Qc7 7.Nc3 e6 8.d3 Nbd7
9.Bf4 Qc6 10.Nd4 Qb6 11.Nxf5 exf5 12.Bxd5 Nxd5 13.Nxd5 Qc6 14.O-O Rc8 15.d4 b6
16.Rac1 Qb7 17.Rxc8+ Qxc8 18.Qe3+  1-0

[Event "Moscow Open F Women"]
[Site "Moscow RUS"]
[Date "2011.01.31"]
[Round "3"]
[White "Kharmunova,N"]
[Black "Pourkashiyan,A"]
[Result "1/2-1/2"]
[WhiteElo "2118"]
[BlackElo "2397"]

1.Nf3 d5 2.g3 c6 3.Bg2 Nf6 4.O-O Bg4 5.c4 dxc4 6.Ne5 Qd4 7.Nxg4 Qxg4 8.Nc3 Nbd7
9.b3 e5 10.Rb1 Nb6 11.a4 a5 12.bxc4 Bb4 13.d3 O-O 14.Bd2 Rfd8 15.Qc2 Nbd7
16.Be3 Rab8 17.Ba7 Ra8 18.Be3 Rab8 19.Ne4 Nxe4 20.Bxe4 Qe6 21.d4 g6 22.d5 cxd5
23.Bxd5 Qe7 24.h4 Nf6 25.Bg5 Kg7 26.Rb3 Rd6 27.f4 Rc8 28.Qb2 e4 29.f5 h6
30.g4 hxg5 31.hxg5 Re8 32.Rh3 Qe5 33.Qxe5 Rxe5 34.gxf6+ Rxf6 35.Bxb7 gxf5
36.gxf5 Rfxf5 37.Rxf5 Rxf5 38.Bxe4 Bc5+  1/2-1/2

[Event "Gibraltar Masters"]
[Site "Caleta ENG"]
[Date "2011.02.01"]
[Round "8.105"]
[White "Leimeister,W"]
[Black "Berggren,Klas"]
[Result "1-0"]
[WhiteElo "1906"]
[BlackElo "1463"]

1.Nf3 d5 2.g3 Nf6 3.Bg2 e6 4.d3 Be7 5.Nbd2 O-O 6.O-O c5 7.e4 d4 8.e5 Ne8
9.Ne4 Nc6 10.h4 f6 11.exf6 Bxf6 12.Nxc5 e5 13.Ng5 Nc7 14.Qh5 h6 15.Be4 Qe7
16.Qg6 Bxg5 17.Qh7+ Kf7 18.Bg6+ Kf6 19.hxg5+ hxg5 20.Bxg5+ Kxg5 21.Ne4+ Kg4
22.Qh5+  1-0

[Event "Moscow Open D University Women"]
[Site "Moscow RUS"]
[Date "2011.02.01"]
[Round "4.8"]
[White "Minina,V"]
[Black "Grabovets,N"]
[Result "1/2-1/2"]
[WhiteElo "2133"]
[BlackElo "1879"]

1.Nf3 d5 2.g3 c5 3.Bg2 Nc6 4.d4 e6 5.O-O Nf6 6.c4 Be7 7.cxd5 exd5 8.Nc3 O-O
9.Bg5 cxd4 10.Nxd4 h6 11.Bf4 Bg4 12.h3 Be6 13.Rc1 Qd7 14.Kh2 Rac8 15.Na4 Nb4
16.Qb3 Ne4 17.Bxe4 dxe4 18.Nxe6 Qxe6 19.Qxe6 fxe6 20.Nc3 Nd5 21.Be5 Nxc3
22.Bxc3 Bf6 23.Bxf6 gxf6 24.Rfd1 Rxc1 25.Rxc1 Rf7 26.g4 f5 27.gxf5 exf5 28.Kg3 Kg7
29.Kf4 Rd7 30.Kxf5 Rd2 31.Rc7+ Kf8 32.Rxb7 Rxe2 33.b4 Rxf2+ 34.Kxe4 Rxa2
35.Kf5 a5 36.b5 Rb2 37.Ke5 a4 38.Kd6 a3 39.Kc6 Rc2+ 40.Kb6 a2 41.Ra7 Rb2
42.Kc6 Rc2+ 43.Kb7 Re2 44.Ra3 Ke7 45.b6 Kd6 46.Ka7 Rb2 47.b7 Kc7 48.Rc3+ Kd7
49.Ra3 Kc7  1/2-1/2

[Event "Moscow Open F Women"]
[Site "Moscow RUS"]
[Date "2011.02.01"]
[Round "4.36"]
[White "Bezgodova,S"]
[Black "Semenova,A"]
[Result "1-0"]
[WhiteElo "2195"]
[BlackElo "1870"]

1.Nf3 d5 2.g3 e6 3.Bg2 Nf6 4.O-O c5 5.d3 Nc6 6.Nbd2 g6 7.e4 Bg7 8.c3 O-O
9.Re1 e5 10.a3 b6 11.b4 cxb4 12.cxb4 Ba6 13.Qa4 dxe4 14.dxe4 Bb7 15.Bb2 Re8
16.Nc4 Nd4 17.Nxd4 exd4 18.e5 Nd5 19.Nd6 Re7 20.Nxb7 Rxb7 21.Rad1 Rd7 22.Rxd4 Rc8
23.Red1 b5 24.Qxb5 Rb8 25.Qe2 Nb6 26.Rxd7 Nxd7 27.Bc6 Qc7 28.Bxd7  1-0

[Event "Moscow Open Young GM"]
[Site "Moscow RUS"]
[Date "2011.02.01"]
[Round "6"]
[White "Alekseev,Evgeny"]
[Black "Chadaev,N"]
[Result "0-1"]
[WhiteElo "2701"]
[BlackElo "2568"]

1.Nf3 d5 2.g3 Bg4 3.Bg2 c6 4.d3 Nd7 5.h3 Bh5 6.g4 Bg6 7.Nh4 e5 8.Nxg6 hxg6
9.Nd2 Ngf6 10.e3 Bd6 11.Qe2 Qe7 12.a3 Nc5 13.b3 a5 14.Bb2 Ne6 15.Nf3 Nd7
16.Nd2 f5 17.c4 d4 18.Kd1 Ndc5 19.Re1 O-O-O 20.gxf5 gxf5 21.Qf1 Bc7 22.Kc2 dxe3
23.Rxe3 Nf4 24.d4 Qd7 25.Nf3 Nxg2 26.Qxg2 f4 27.Rxe5 Bxe5 28.Qg4 Bf6 29.dxc5 Rxh3
30.Qxd7+ Rxd7 31.Bxf6 Rxf3  0-1

[Event "ch-CRO w"]
[Site "Topusko CRO"]
[Date "2011.02.01"]
[Round "4.3"]
[White "Franciskovic,B"]
[Black "Solic,K"]
[Result "1-0"]
[WhiteElo "2298"]
[BlackElo "2243"]

1.Nf3 d5 2.g3 c5 3.Bg2 Nc6 4.d4 Nf6 5.O-O e6 6.c4 dxc4 7.Ne5 Bd7 8.Na3 cxd4
9.Naxc4 Be7 10.Qb3 Qc8 11.Bf4 Nd5 12.Rfd1 Nxf4 13.gxf4 O-O 14.Rac1 Rb8 15.Qd3 f6
16.Nxc6 bxc6 17.Qxd4 Rb7 18.Nd6 Bxd6 19.Qxd6 Rc7 20.b4 Re8 21.Rc5 e5 22.fxe5 fxe5
23.Rxe5 Rxe5 24.Qxe5 c5 25.bxc5 Rxc5 26.Qd6 Be6 27.a3 Rc1 28.Rxc1 Qxc1+ 29.Bf1 Kf7
30.Qg3 Bd5 31.h3 a5 32.Qg4 g6 33.Qd7+  1-0

[Event "16th HIT Open"]
[Site "Nova Gorica SLO"]
[Date "2011.02.02"]
[Round "8"]
[White "Samblic,S"]
[Black "Japelj,Damjan"]
[Result "1/2-1/2"]
[WhiteElo "2028"]
[BlackElo "1788"]

1.Nf3 d5 2.g3 e6 3.Bg2 Nf6 4.d3 Be7 5.O-O O-O 6.Nbd2 b6 7.d4 Bb7 8.c3 Nbd7
9.h3 c5 10.Re1 Qc7 11.Nh2 Ne4 12.Nxe4 dxe4 13.Bf4 e5 14.dxe5 Nxe5 15.Qc2 g5
16.Bxe5 Qxe5 17.Ng4 Qe6 18.Ne3 f5 19.Qb3 Qxb3 20.axb3 f4 21.Nc4 Rfd8 22.Red1 Rxd1+
23.Rxd1 Rd8 24.Ra1 a6 25.Nxb6 Rd2 26.Nc4 Rxe2 27.Bf1 Rc2 28.Rd1 Bc8 29.Re1 e3
30.fxe3 fxg3 31.e4 h5 32.Bd3 Rf2 33.Re2 Rf4 34.Kg2 h4 35.Ne3 Rf2+ 36.Rxf2 gxf2
37.Kxf2 Bxh3 38.Bxa6 g4 39.Nf5 Bg5 40.b4 cxb4 41.cxb4 Bd8 42.Bf1 g3+ 43.Kg1 Bxf5
44.exf5 Kf7 45.Kg2 Kf6 46.Kf3 Kxf5 47.b5 Bb6 48.Bg2  1/2-1/2

[Event "16th HIT Open"]
[Site "Nova Gorica SLO"]
[Date "2011.02.02"]
[Round "8"]
[White "Golubovic,B"]
[Black "Kersic,M"]
[Result "1-0"]
[WhiteElo "2416"]
[BlackElo "2137"]

1.Nf3 d5 2.g3 Nf6 3.Bg2 Bf5 4.O-O c6 5.d3 h6 6.c4 e6 7.cxd5 exd5 8.Nc3 Be7
9.Be3 O-O 10.Qb3 Bc8 11.Bd4 Nbd7 12.e4 dxe4 13.dxe4 Nc5 14.Qc2 Ne6 15.Be5 Qa5
16.Ne2 Ng5 17.Bc3 Nxf3+ 18.Bxf3 Qc5 19.Nf4 Bg4 20.Nd3 Qh5 21.Bxf6 Bxf3 22.Bxe7 Rfe8
23.Nf4 Qg4 24.Qd3 Rxe7 25.h3 Bxe4 26.hxg4 Bxd3 27.Nxd3 Rd8 28.Rfe1 Rxe1+
29.Nxe1 Rd2 30.Rb1 c5 31.a3 b5 32.Kf1 a5 33.Ng2 Kh7 34.Ke1 Rd3 35.Ne3 c4
36.Rc1 a4 37.Rc2 Kg6 38.Ke2 h5 39.Ng2 Rb3 40.Nf4+ Kg5 41.gxh5 Kg4 42.Nd5 Kxh5
43.Ne3 g6 44.Nd1 f5 45.Rc3  1-0

[Event "Moscow Open F Women"]
[Site "Moscow RUS"]
[Date "2011.02.04"]
[Round "7.18"]
[White "Kharmunova,N"]
[Black "Doluhanova,E"]
[Result "1-0"]
[WhiteElo "2118"]
[BlackElo "2267"]

1.Nf3 d5 2.g3 Nf6 3.Bg2 c5 4.O-O Nc6 5.d4 cxd4 6.Nxd4 e5 7.Nxc6 bxc6 8.c4 Be7
9.Nc3 Be6 10.Bg5 e4 11.cxd5 cxd5 12.Qa4+ Qd7 13.Qxd7+ Nxd7 14.Bxe7 Kxe7 15.Rfd1 Nb6
16.Rd4 Rac8 17.Rad1 f5 18.e3 g5 19.Bf1 Kf6 20.Ba6 Rc5 21.a4 Ke5 22.Nb5 f4
23.b4 Rc2 24.a5 Nc4 25.exf4+ gxf4 26.Nxa7 Nb2 27.R4d2 Nxd1 28.Rxc2 e3 29.Nc6+ Kd6
30.fxe3 f3 31.Nd4 f2+ 32.Rxf2 Nxf2 33.Kxf2 Bg4 34.Bd3 Rb8 35.b5 Ra8 36.a6 Kc7
37.Kg2 h6 38.e4 Kb6 39.exd5 Re8 40.Kf2 Bd7 41.Nc6 h5 42.Be2 Rf8+ 43.Ke3 Re8+
44.Kd2 Rf8 45.Ke1 Re8 46.Kf2 Rf8+ 47.Kg2 Bf5 48.d6 Kc5 49.Bf3 Kxd6 50.a7  1-0

[Event "FSGM February"]
[Site "Budapest HUN"]
[Date "2011.02.05"]
[Round "1"]
[White "Paschall,W"]
[Black "Gonda,L"]
[Result "1/2-1/2"]
[WhiteElo "2384"]
[BlackElo "2555"]

1.g3 d5 2.Nf3 Nf6 3.Bg2 c6 4.O-O Bg4 5.c4 e6 6.Qb3 Qb6 7.d3 Nbd7 8.Be3 Bc5
9.Bxc5 Nxc5 10.Qc2 O-O 11.Nbd2 a5 12.h3 Bh5 13.Rac1 Ncd7 14.Qb3 Ra6 15.Qc3 Qb4
16.g4 Bg6 17.Nh4 d4 18.Qc2 e5 19.Nxg6 hxg6 20.e3 a4 21.exd4 exd4 22.Rfe1 Nc5
23.Nf3 Rb6 24.Rb1 Rd8 25.Ng5 a3 26.bxa3 Qa5 27.Nf3 Rxb1 28.Qxb1 Qxa3 29.Bf1 Qa5
30.Re7 Kf8 31.Re5 Nfd7 32.Re1 Qc7 33.Qc1 Qd6 34.Qb2 Qf6 35.Kg2 Kg8 36.Qxd4 Qxd4
37.Nxd4 Nf8 38.Nb3 Nfe6 39.Nxc5 Nxc5 40.Re7 Kf8 41.Re3 Ne6 42.Re2 g5 43.Rb2 Rd7
44.Kg3 Ke7 45.h4 gxh4+ 46.Kxh4 g5+ 47.Kg3 Kd6 48.a4 Kc7 49.Rb1 b6 50.Ra1 Kd6
51.a5 Ra7 52.a6 Nc7 53.d4 c5 54.dxc5+ bxc5 55.Rd1+ Ke7 56.Re1+ Kf6 57.Ra1 Rxa6
58.Rxa6+ Nxa6 59.f4 Nb4 60.Kf3  1/2-1/2

[Event "Moscow Open F Women"]
[Site "Moscow RUS"]
[Date "2011.02.05"]
[Round "8.27"]
[White "Bezgodova,S"]
[Black "Rodionova,Daria"]
[Result "1/2-1/2"]
[WhiteElo "2195"]
[BlackElo "1856"]

1.Nf3 d5 2.g3 Nf6 3.Bg2 c6 4.O-O Bf5 5.d3 h6 6.Nbd2 e6 7.b3 Be7 8.Bb2 O-O
9.c4 Nbd7 10.a3 a5 11.Rc1 Qb6 12.Rc2 Rfc8 13.Qa1 Qd8 14.Rfc1 Qf8 15.cxd5 exd5
16.Nd4 Bh7 17.Bh3 Re8 18.Nf5 Bxf5 19.Bxf5 Nc5 20.Qa2 Ne6 21.Nf3 Nd7 22.e4 dxe4
23.dxe4 Ndc5 24.Ne5 Red8 25.Re1 Bf6 26.Rf1 Ng5 27.f3 Bxe5 28.Bxe5 Rd3 29.Rc3 Rad8
30.h4 Nge6 31.b4 Rd2 32.Rc2 Rxc2 33.Qxc2 axb4 34.axb4 Nd3 35.Bc3 Nxb4 36.Qb3 Nd3
37.Bxe6 fxe6 38.Qxe6+ Qf7 39.Qg4 b5 40.e5 Qa7+ 41.Kg2 b4 42.Qc4+ Qf7 43.e6 Qe7
44.Ba1 Rd6 45.Qg4 Kh8 46.Qg6 Kg8 47.f4 b3 48.Bc3 b2 49.f5 Qb7 50.Qe8+ Kh7
51.Rb1 c5+ 52.Kh2 Ne5 53.Rxb2 Nf3+ 54.Kh3 Ng1+ 55.Kh2 Nf3+ 56.Kg2 Nxh4+ 57.Kh2 Nf3+
58.Kg2 Nh4+ 59.Kh3 Qh1+ 60.Rh2 Qf1+ 61.Kxh4 Qxf5 62.Qf7 Qg5+ 63.Kh3 Rd3 64.Qxg7+ Qxg7
65.Bxg7 Kxg7 66.Re2 Rd8 67.Kh4 Kf6 68.e7  1/2-1/2

[Event "Schachbundesliga 2010-11"]
[Site "Mulheim GER"]
[Date "2011.02.05"]
[Round "8"]
[White "Kaufeld,J"]
[Black "Carlstedt,J"]
[Result "1/2-1/2"]
[WhiteElo "2286"]
[BlackElo "2376"]

1.Nf3 d5 2.g3 e6 3.Bg2 Nf6 4.d4 c5 5.O-O Be7 6.c4 O-O 7.dxc5 Bxc5 8.a3 a5
9.cxd5 exd5 10.Bg5 d4 11.Nbd2 Nc6 12.Ne4 Be7 13.Nxf6+ Bxf6 14.Bxf6 Qxf6 15.Rc1 Rd8
16.Qd2 h6 17.Ne1 Bg4 18.Nd3 Rac8 19.Rfe1 Re8 20.Nf4 Qe5 21.Nd3 Qf6 22.Nf4 Qe5
23.Nd3  1/2-1/2

[Event "1st Open"]
[Site "Cento ITA"]
[Date "2011.02.06"]
[Round "2"]
[White "Drasko,M"]
[Black "Buriani,A"]
[Result "1-0"]
[WhiteElo "2486"]
[BlackElo "2171"]

1.Nf3 d5 2.g3 Nf6 3.Bg2 Nbd7 4.O-O e5 5.d3 Bd6 6.c4 c6 7.cxd5 cxd5 8.Nc3 O-O
9.Bd2 Nb6 10.a4 Be6 11.a5 Nbd7 12.Ng5 Rc8 13.Nxe6 fxe6 14.e4 d4 15.Nb5 Bb8
16.b4 Qe7 17.a6 b6 18.Bh3 Rc6 19.Rc1 Rfc8 20.Rxc6 Rxc6 21.Qa4 Rc8 22.Rc1 Rxc1+
23.Bxc1 Nf8 24.Na3 Qd7 25.Qxd7 N6xd7 26.Nb5 Kf7 27.Kf1 Ng6 28.Ke2 Ne7 29.f4 Nc6
30.Bd2 Ke7 31.f5 exf5 32.exf5 Bd6 33.Bg2 Ndb8 34.Bg5+ Kd7 35.Bh3 Bf8 36.f6+ Ke8
37.fxg7 Bxg7 38.Nd6+ Kf8 39.b5 Nb4 40.Nc8 N8xa6 41.bxa6  1-0

[Event "Schachbundesliga 2010-11"]
[Site "Eppingen GER"]
[Date "2011.02.06"]
[Round "9"]
[White "Belezky,A"]
[Black "Vallejo Pons,F"]
[Result "0-1"]
[WhiteElo "2454"]
[BlackElo "2697"]

1.Nf3 d5 2.g3 g6 3.Bg2 Bg7 4.d3 e5 5.O-O Ne7 6.e4 O-O 7.Nc3 d4 8.Ne2 c5 9.c4 Nbc6
10.Ne1 f5 11.f4 fxe4 12.dxe4 Be6 13.b3 d3 14.Nxd3 exf4 15.Bb2 fxg3 16.Bxg7 Kxg7
17.Nef4 Qd4+ 18.Kh1 Bf7 19.Qg4 gxh2 20.Qg5 b6 21.e5 Bg8 22.Rad1 Rad8 23.Nh5+ Kh8
24.Nf6 Qc3 25.Bxc6 Rxd3 26.Ne4 Rxd1 27.Nxc3 Rdxf1+ 28.Kxh2 Nxc6  0-1

[Event "ch-TUR"]
[Site "Kemer-Antalya TUR"]
[Date "2011.02.06"]
[Round "2"]
[White "Toksoz,L"]
[Black "Asilkefeli,H"]
[Result "0-1"]
[WhiteElo "1890"]
[BlackElo "1982"]

1.Nf3 d5 2.g3 c5 3.c4 e6 4.Bg2 Nf6 5.O-O Nc6 6.cxd5 Nxd5 7.Nc3 Be7 8.Nxd5 exd5
9.d4 cxd4 10.Nxd4 Bf6 11.Be3 O-O 12.Rc1 Ne5 13.Bf4 Qb6 14.b3 Ng4 15.Nf3 Re8
16.h3 Ne5 17.Qxd5 Nc6 18.e3 Be6 19.Qd2 Qa6 20.Rfe1 Rad8 21.Qe2 Qa3 22.e4 Nb4
23.e5 Be7 24.Ra1 Nd3 25.Red1 Nxf4 26.gxf4 Qb4 27.Qe3 Bc5 28.Rxd8 Rxd8 29.Qc1 Bd5
30.a3 Qb6 31.Qc2 Bxb3 32.Qe2 Ba4 33.f5 Bb5 34.Qe1 Bc4 35.Nd2 Bd5 36.Bxd5 Rxd5
37.Nc4 Qa6 38.Rc1 Qh6 39.Rd1 Qg5+ 40.Kf1 Qf4 41.Ne3 Rxd1 42.Qxd1 Qxe5 43.Qd8+ Bf8
44.Nd5 Qd6 45.Qxd6 Bxd6 46.a4 f6 47.Ke2 Kf7 48.Kd3 Ke8 49.Kc4 Kd7 50.h4 Kc6
51.h5 h6 52.Nc3 a6 53.Ne2 b5+ 54.axb5+ axb5+ 55.Kd3 Be5 56.f4 Ba1 57.Kc2 Kc5
58.Nc1 Kc4 59.Nb3 Bc3 60.Nc1 b4 61.Nb3 Be1 62.Nc1 Kd4 63.Nd3 b3+  0-1

[Event "Moscow Open F Women"]
[Site "Moscow RUS"]
[Date "2011.02.06"]
[Round "9.11"]
[White "Kharmunova,N"]
[Black "Levushkina,E"]
[Result "0-1"]
[WhiteElo "2118"]
[BlackElo "2318"]

1.Nf3 d5 2.g3 Bg4 3.Bg2 c6 4.O-O Nd7 5.d4 Ngf6 6.Re1 e6 7.Nbd2 Bd6 8.e4 dxe4
9.Nxe4 Nxe4 10.Rxe4 Nf6 11.Bg5 Bf5 12.Re1 h6 13.Bxf6 Qxf6 14.d5 Rd8 15.dxc6 bxc6
16.Nd4 Bc5 17.Bxc6+ Kf8 18.c3 e5 19.Rxe5 Qxe5 20.Ne6+ Ke7 21.Nxd8 Rxd8 22.Qf1 Kf8
23.Re1 Qf6 24.Ba4 g6 25.Bb5 Kg7 26.b4 Bb6 27.c4 Bd4 28.a3 Bh3 29.Qe2 Bg4
30.Qc2 Qf3  0-1

[Event "1st Open"]
[Site "Cento ITA"]
[Date "2011.02.07"]
[Round "3"]
[White "Romanishin,O"]
[Black "Borgo,G"]
[Result "1-0"]
[WhiteElo "2534"]
[BlackElo "2401"]

1.Nf3 d5 2.g3 Nf6 3.Bg2 c5 4.O-O e6 5.d4 a6 6.c4 dxc4 7.dxc5 Qxd1 8.Rxd1 Bxc5
9.Ne5 Nbd7 10.Nxc4 Nb6 11.Nxb6 Bxb6 12.Nd2 Ng4 13.Ne4 O-O 14.h3 Nf6 15.Nd6 Rd8
16.Bf4 Nh5 17.Nc4 Bd4 18.Be5  1-0

[Event "ch-TUR"]
[Site "Kemer-Antalya TUR"]
[Date "2011.02.08"]
[Round "5.87"]
[White "Yavuz,Umit"]
[Black "Erilli,N"]
[Result "0-1"]
[WhiteElo "1516"]
[BlackElo "1916"]

1.Nf3 d5 2.g3 c5 3.Bg2 Nc6 4.O-O g6 5.d3 Bg7 6.Nbd2 e5 7.e4 d4 8.Nc4 Nge7
9.Nh4 O-O 10.f4 Be6 11.Nxe5 Nxe5 12.fxe5 Bxe5 13.Bh6 Bg7 14.Bxg7 Kxg7 15.Nf3 h6
16.Qd2 Rc8 17.b3 b6 18.Rf2 f5 19.Nh4 g5 20.Nxf5+ Nxf5 21.exf5 Rxf5 22.Raf1 Rxf2
23.Qxf2 Qe7 24.Qe2 Qd6 25.Qf3 Rf8 26.Qb7+ Qd7 27.Qxd7+ Bxd7 28.Rxf8 Kxf8
29.Kf2 g4 30.Ke2 Ke7 31.Be4 Kd6 32.Kd2 b5 33.a3 Be6 34.Bb7 a5 35.a4 bxa4
36.bxa4 Bd7 37.Be4 Bxa4 38.Bf5 Bd7 39.Bxd7 Kxd7 40.c4 dxc3+ 41.Kxc3 Kc6 42.Kc4 a4
43.d4 cxd4 44.Kxd4 a3 45.Kc3 Kd5 46.Kb3 Ke4 47.Kxa3 Kf3  0-1

[Event "Aeroflot Open B"]
[Site "Moscow RUS"]
[Date "2011.02.08"]
[Round "1"]
[White "Zhelesny,S"]
[Black "Sieciechowicz,M"]
[Result "0-1"]
[WhiteElo "2194"]
[BlackElo "2441"]

1.Nf3 d5 2.g3 Nf6 3.Bg2 c6 4.O-O Bf5 5.b3 e6 6.Bb2 Nbd7 7.d3 h6 8.Nbd2 Be7
9.c4 O-O 10.Rc1 a5 11.a3 Qb6 12.h3 Rfd8 13.Qc2 Ne8 14.Qb1 Rac8 15.Qa1 Qa6
16.Rfd1 Bg6 17.Bc3 f6 18.b4 e5 19.Nh4 Bf7 20.Nf5 Bf8 21.cxd5 cxd5 22.bxa5 g6
23.Nh4 Nb8 24.Rb1 Nc6 25.Rb6 Qa7 26.Bb4 Nxa5 27.Bxa5 Qxa5 28.Rxb7 Rc2 29.Rb2 Rxb2
30.Qxb2 Qxa3 31.Qxa3 Bxa3 32.d4 e4 33.f3 f5 34.e3 Nd6 35.Bf1 g5 36.Ng2 Rc8
37.Be2 Rc2 38.Kf1 Bb4 39.Nb3 exf3 40.Bxf3 Ne4 41.Rc1  0-1

[Event "ch-TUR"]
[Site "Kemer-Antalya TUR"]
[Date "2011.02.09"]
[Round "6"]
[White "Oney,Gulumser"]
[Black "Sentug,H"]
[Result "1/2-1/2"]
[WhiteElo "1770"]
[BlackElo "1930"]

1.Nf3 d5 2.g3 Bg4 3.Bg2 c6 4.d3 Nd7 5.O-O e5 6.Nbd2 f5 7.e4 fxe4 8.dxe4 Ngf6
9.Qe1 Bd6 10.exd5 cxd5 11.c4 O-O 12.cxd5 Qc7 13.Ng5 Rae8 14.Ne6 Bxe6 15.dxe6 Rxe6
16.Ne4 Nxe4 17.Qxe4 Nc5 18.Qd5 Qf7 19.b4 Na6 20.Qxb7 Qxb7 21.Bxb7 Nxb4 22.Bd2 Re7
23.Be4 Rc7 24.Rac1 Rfc8 25.Rxc7 Rxc7 26.Rc1 Rxc1+ 27.Bxc1 Na6 28.Kg2 g6 29.Kf3 Kf7
30.Bd5+ Kf6 31.Be3 Nc5 32.Bc6 Ke6 33.h4 a6 34.Kg4 Kf6 35.Bd5 h5+ 36.Kf3 a5
37.Bd2 Bc7 38.Ke3 Ne6 39.Bc3 Bb6+ 40.Ke4 Nc5+ 41.Kf3 Kf5 42.Bd2 e4+ 43.Ke2 Nd7
44.Be3 Bxe3 45.Kxe3 Nf6 46.Kd4 g5 47.hxg5 e3 48.fxe3 Kxg5 49.Be6 Ng4 50.Bxg4 Kxg4
51.e4 Kxg3 52.e5 h4 53.e6 h3 54.e7 h2 55.e8=Q h1=Q 56.Qe3+ Qf3 57.Qg5+ Qg4+  1/2-1/2

[Event "1st Open"]
[Site "Cento ITA"]
[Date "2011.02.10"]
[Round "6"]
[White "Drasko,M"]
[Black "Manca,F"]
[Result "0-1"]
[WhiteElo "2486"]
[BlackElo "2384"]

1.Nf3 d5 2.g3 c5 3.Bg2 Nc6 4.O-O e5 5.c4 d4 6.e3 Nf6 7.exd4 cxd4 8.d3 Bd6
9.Bg5 h6 10.Bxf6 Qxf6 11.Nbd2 O-O 12.Ne4 Qe7 13.Nh4 a5 14.Qh5 Nb4 15.Rfd1 Bc7
16.Nf5 Bxf5 17.Qxf5 Na6 18.h4 g6 19.Qd7 Bd8 20.Qd5 Rc8 21.h5 Nb4 22.Qd6 Rc6
23.Qxe7 Bxe7 24.a3 Na6 25.Nd2 Rb6 26.hxg6 fxg6 27.Bd5+ Kg7 28.Nf3 Bd6 29.Rd2 Nc5
30.Re1 Kf6 31.Kf1 Rb3 32.Ke2 a4 33.Rh1 h5 34.Ne1 Bc7 35.Kd1 Ba5 36.Re2 Bxe1
37.Rhxe1 Nxd3 38.Rf1 Nc5 39.f4 e4 40.Bxe4 d3  0-1

[Event "Aeroflot Open B"]
[Site "Moscow RUS"]
[Date "2011.02.10"]
[Round "3"]
[White "Zhelesny,S"]
[Black "Artemiev,V"]
[Result "0-1"]
[WhiteElo "2194"]
[BlackElo "2384"]

1.Nf3 d5 2.g3 c6 3.Bg2 Nf6 4.d4 Bg4 5.Nbd2 Nbd7 6.h3 Bh5 7.Ne5 e6 8.Ndf3 Nxe5
9.Nxe5 Bd6 10.g4 Bg6 11.Nxg6 hxg6 12.Qd3 Qb6 13.Qb3 Qxd4 14.Qxb7 O-O 15.Be3 Bb4+
16.c3 Bxc3+ 17.Kf1 Qb4 18.Qxb4 Bxb4 19.Rc1 Rfc8 20.Bd4 Nd7 21.h4 c5 22.Be3 c4
23.h5 gxh5 24.Rxh5 g6 25.Rh3 Bc5 26.Bf4 Bd4 27.Rc2 Be5 28.Bc1 Bg7 29.f4 f5
30.gxf5 gxf5 31.Bf3 Rab8 32.e3 Nc5 33.Rg3 Nd3 34.Bd2 Kf8 35.Bc3 Bxc3 36.bxc3 Rb1+
37.Ke2 Rc7 38.Rh3 Rg7 39.Rh1 Rxh1 40.Bxh1 Rg1 41.Bf3 Ke7 42.Bh5 Rh1 43.Bf3 Rh2+  0-1

[Event "60th ch-BUL w"]
[Site "Plovdiv BUL"]
[Date "2011.02.10"]
[Round "4"]
[White "Nestorova Petrova,L"]
[Black "Vasileva,C"]
[Result "1-0"]
[WhiteElo "2051"]
[BlackElo "1471"]

1.Nf3 d5 2.g3 Nf6 3.Bg2 g6 4.O-O Bg7 5.c4 c6 6.d4 O-O 7.Nc3 Bf5 8.Qb3 b6
9.Ne5 Be6 10.cxd5 Nxd5 11.Nxd5 Bxd5 12.Bxd5 Qxd5 13.Qxd5 cxd5 14.Bf4 e6 15.Rac1 Na6
16.Rc3 Rfc8 17.Rfc1 Rxc3 18.Rxc3 b5 19.a3 b4 20.axb4 Nxb4 21.Rc7 f6 22.Nd7 a5
23.Bd6 Re8 24.Nc5 e5 25.dxe5 fxe5 26.Nb7 Ra8 27.Nxa5 Rxa5 28.Bxb4 Rb5 29.Ba3 e4
30.Rc2 d4 31.f4 exf3 32.exf3 Rb3 33.Kf2 Rd3 34.Bc5 g5 35.b4 h5 36.h3 g4 37.hxg4 hxg4
38.fxg4 Be5 39.b5 Rxg3 40.Bxd4 Bf4 41.Rb2 Rxg4 42.Kf3 Rh4 43.Bf6 Rh6 44.Kxf4 Rxf6+
45.Ke5 Rb6 46.Kd5 Kf7 47.Kc5 Rb8 48.Kc6 Ke7 49.Kc7 Ra8 50.b6 Ra5 51.b7 Ra7
52.Kb6 Rxb7+ 53.Kxb7 Kd6 54.Rb5 Ke6 55.Kc7 Kf6 56.Kd7 Kg6 57.Ke7 Kh6 58.Kf7 Kh7
59.Rh5+  1-0

[Event "60th ch-BUL w"]
[Site "Plovdiv BUL"]
[Date "2011.02.11"]
[Round "5"]
[White "Milanova,Maria"]
[Black "Sergeeva Petrova,Boryana"]
[Result "1/2-1/2"]
[WhiteElo "1915"]
[BlackElo "1759"]

1.Nf3 d5 2.g3 Nf6 3.Bg2 c5 4.d3 Nc6 5.O-O e5 6.Re1 Be6 7.Nbd2 Be7 8.e4 d4
9.Ng5 Bg4 10.Bf3 Bd7 11.Be2 h6 12.Ngf3 b5 13.Nh4 O-O 14.Ng2 Qc7 15.f4 Na5
16.b3 exf4 17.gxf4 Qb6 18.Kh1 Nc6 19.Rg1 Nh7 20.f5 Ne5 21.Nf4 Qc6 22.Nf3 Bd6
23.Nd5 Kh8 24.Nh4 Rae8 25.Bh5 Bb8 26.Qf1 Nf6 27.Nf4 Rg8 28.Qh3 Nxe4 29.dxe4 Qxe4+
30.Bf3 Nxf3 31.Qxf3 Qxf3+ 32.Nxf3 Bxf5 33.Nd3 Be4 34.Kg2 c4 35.Ne1 Bd5 36.Bd2 Re2+
37.Kf1 Rge8 38.Rg2 Rxg2 39.Kxg2 c3 40.Bc1 Re2+ 41.Kf1 Bxf3 42.Nxf3 Rxc2 43.Nxd4 Rxh2
44.Ne2 Be5 45.Be3 a6 46.Rd1 Kh7 47.Rd5 f6 48.a3 Rh3 49.Kf2 Rh1 50.Bc1 c2
51.Rd2 Rh2+ 52.Kf1 Bf4 53.Nxf4 Rh1+ 54.Ke2 Rxc1 55.Nd3 Rb1 56.Rxc2 Rxb3 57.Ra2 Rc3
58.Nb4 a5 59.Nd5 Rh3 60.Kf1 Rh5 61.Nc7 Rc5 62.Na6 Rc4 63.Rb2 Rc3 64.Ra2 h5
65.a4 bxa4 66.Rxa4 Rf3+ 67.Kg2 Rf5 68.Nc7 Re5 69.Rd4 Kh6 70.Nd5 a4 71.Nxf6 Rg5+
72.Kh3 gxf6 73.Rxa4 Rb5 74.Rf4 Kg5 75.Rf3 Rb4 76.Kg3 f5 77.Ra3 Rb6 78.Rc3 h4+
79.Kh3 Rg6 80.Rf3 Rf6 81.Ra3 Rb6 82.Rc3 Rb4 83.Ra3 Rg4 84.Rb3 Re4 85.Ra3 Re1
86.Rb3 Rh1+ 87.Kg2 Rc1 88.Kh3 Rc4  1/2-1/2

[Event "TCh-FIN 2010-11"]
[Site "Espoo FIN"]
[Date "2011.02.12"]
[Round "6.5"]
[White "Salo,H"]
[Black "Lehtivaara,R"]
[Result "1/2-1/2"]
[WhiteElo "2254"]
[BlackElo "2182"]

1.Nf3 d5 2.g3 c6 3.Bg2 e6 4.O-O Bd6 5.d3 Nf6 6.c4 O-O 7.Qc2 Nbd7 8.Nc3 Qe7
9.e4 dxc4 10.dxc4 e5 11.Nh4 g6 12.h3 Nc5 13.b4 Ne6 14.c5 Bc7 15.Be3 a5 16.a3 Rd8
17.Rad1 axb4 18.axb4 Nh5 19.Nf3 Rxd1 20.Rxd1 Nhg7 21.Qb3 f5 22.exf5 gxf5
23.Bg5 Qf7 24.Bh4 e4 25.Nd2 Be5  1/2-1/2